Aprende y colorea la patria / (Registro nro. 7452)

Detalles MARC
000 -LIDER
fixed length control field 00802nam a2200277 a 4500
001 - NÚMERO DE CONTROL
Identificador de número de control 000003578
003 - IDENTIFICACDOR DE NÚMERO DE CONTROL
control field DO-SdBNP
005 - DATE AND TIME OF LATEST TRANSACTION
control field 20171103105907.0
007 - CAMPOS FIJOS DE DESCRIPCIÓN FÍSICA
fixed length control field 000003578
008 - ELEMENTOS DE LONGITUD FIJA
fixed length control field 150202s2007 000 spa d
020 ## - ISBN
International Standard Book Number 9993455415
040 ## - FUENTE DE CATALOGACIÓN
Agencia que crea de manera original el registro BPMSU
Idioma de catalogación spa
Agencia que realiza la transcripción BPMSU
245 #0 - MENCIÓN DE TITULO
Título Aprende y colorea la patria /
Mención de responsabilidad Compilador Tomás Castro Burdiez
250 ## - MENCIÓN DE EDICION
Mención de edición 3a ed.
260 ## - PUBLICACIÓN, DISTRIBUCIÓN, ETC. (PIE DE IMPRENTA)
Lugar de publicación, distribución, etc Santo Domingo :
Fecha de publicación, distribución, etc 2007
Nombre del editor, distribuidor, etc. Educarte,
300 ## - DESCRIPCIÓN FÍSICA
Extensión 32 p. :
Otros detalles físicos il. :
Dimensiones 29 cm.
490 ## - MENCIÓN DE SERIES
Mención de serie Infantil Educarte
Volume/sequential designation no.5
700 ## - ASIENTO SECUNDARIO -- NOMBRE PERSONAL
Nombre personal Castro Burdiez, Tomás
Mención de responsabilidad comp.
830 ## - ASIENTO SECUNDARIO DE SERIE--TÍTULO UNIFORME
Nombre de la parte o sección de una obra Infantil Educarte
Volume number/sequential designation no.5
930 #1 - EQUIVALENCE OR CROSS-REFERENCE-UNIFORM TITLE HEADING [LOCAL, CANADA]
Language of a work
Medium of performance for music
Field link and sequence number
Date of a work
Name of part/section of a work
Miscellaneous information
930 #1 - EQUIVALENCE OR CROSS-REFERENCE-UNIFORM TITLE HEADING [LOCAL, CANADA]
Language of a work
Medium of performance for music
Field link and sequence number
Date of a work
Name of part/section of a work
Miscellaneous information
942 ## - ADDED ENTRY ELEMENTS (KOHA)
Source of classification or shelving scheme Dewey Decimal Classification
Koha item type Libros
945 ## - INFORMACIÓN DE PROCESAMIENTO LOCAL
Información de procesamiento local Inventariado infantil dom / 2017
956 ## - LOCAL ELECTRONIC LOCATION AND ACCESS (OCLC)
Nombre de host
Número de acceso
Información de compresión
Inicio de sesión
Procesador de solicitud
956 ## - LOCAL ELECTRONIC LOCATION AND ACCESS (OCLC)
Nombre de host VMATEO
Número de acceso 10
Información de compresión 20150202
Inicio de sesión BPMSU
Procesador de solicitud 0069
Existencias
Withdrawn status Lost status Source of classification or shelving scheme Damaged status Not for loan Collection code Home library Current library Date acquired Total Checkouts Barcode Date last seen Price effective from Koha item type Copy number
    Dewey Decimal Classification     Colección Infantil Dominicana Biblioteca Pública Metropolitana Salomé Ureña Biblioteca Pública Metropolitana Salomé Ureña 02/19/2015   BPMSU15040028 02/19/2015 02/19/2015 Libros  
    Dewey Decimal Classification     Colección Infantil Dominicana Biblioteca Pública Metropolitana Salomé Ureña Biblioteca Pública Metropolitana Salomé Ureña 02/19/2015   BPMSU15040029 02/19/2015 02/19/2015 Libros e. 2
    Dewey Decimal Classification     Colección Infantil Dominicana Biblioteca Pública Metropolitana Salomé Ureña Biblioteca Pública Metropolitana Salomé Ureña 02/19/2015   BPMET15040030 02/19/2015 02/19/2015 Libros e. 3